[Event "Perla Baltyku Open 2012"]
[Site "Lazy POL"]
[Date "2012.07.03"]
[Round "4.3"]
[White "Weichhold,P"]
[Black "Shishkin,Va UKR"]
[Result "1-0"]
[WhiteElo "2325"]
[BlackElo "2492"]

1.e4 c5 2.Nf3 Nc6 3.d4 cxd4 4.Nxd4 Qb6 5.Nb3 Nf6 6.Nc3 e6 7.Qe2 Bb4 8.Bd2 O-O
9.a3 Be7 10.e5 Nd5 11.g3 d6 12.exd6 Bxd6 13.Bg2 Be5 14.O-O Nxc3 15.bxc3 Qc7
16.Rab1 Bd6 17.c4 Bxa3 18.c5 a5 19.Qe3 Qe7 20.Ra1 Bb2 21.Ra2 Bf6 22.Bc3 Bxc3
23.Qxc3 a4 24.Rfa1 e5 25.Rxa4 Rxa4 26.Rxa4 Bf5 27.Ra1 Rd8 28.Re1 f6 29.h4 Qc7
30.Qc4+ Kf8 31.Ra1 h6 32.Ra2 g5 33.h5 Qd7 34.Bf3 Be6 35.Qb5 g4 36.Bg2 f5
37.Ra1 e4 38.c3 Bf7 39.Qb6 Kg7 40.Bf1 Qe6 41.Nd4 Nxd4 42.Qxd8 Nf3+ 43.Kg2 Bxh5
44.Ra8 Bf7 45.Qh8+ Kg6 46.Rd8 Qf6 47.Rd6 Be6 48.Qe8+  1-0

[Event "7th Wroclaw Open A"]
[Site "Wroclaw POL"]
[Date "2012.07.04"]
[Round "3.18"]
[White "Grela,K"]
[Black "Cukrowski,F"]
[Result "0-1"]
[WhiteElo "1875"]
[BlackElo "2133"]

1.e4 c5 2.Nf3 Nc6 3.d4 cxd4 4.Nxd4 Qb6 5.Nb3 Nf6 6.Nc3 e6 7.Bd3 a6 8.O-O d6
9.a4 Qc7 10.a5 b5 11.axb6 Qxb6 12.Be3 Qc7 13.Qe2 a5 14.f4 Be7 15.Nd4 Bd7
16.Ndb5 Qb8 17.Bf2 h5 18.Bh4 Bd8 19.Kh1 Bb6 20.Rae1 Ng4 21.Nd5 Nb4 22.Be7 Nxd5
23.Bxd6 Nc7 24.e5 Qc8 25.f5 exf5 26.e6 Nxe6 27.Rxf5 Ne3 28.Re5 Ng4 29.Rf5 Ne3
30.Re5 Rb8 31.Ba3 Qc6 32.Nd6+ Kd8 33.Nxf7+ Kc7 34.Bd6+ Kc8 35.Rxe3 Bxe3 36.Qxe3 Rxb2
37.Be4 Qb6 38.Qc3+ Nc7 39.Bxc7 Qxc7 40.Qxc7+ Kxc7 41.Nxh8 a4 42.Ng6 a3 43.Nf4 a2
44.Nd5+ Kd6 45.Nc3 Kc5 46.Nxa2 Rxa2 47.h4 Ra4 48.g3 Rxe4 49.Rf1 g6 50.Rf8 Bc6
51.Kg1 Re2 52.Rf6 Rg2+ 53.Kf1 Rxg3 54.Kf2 Rg4 55.Ke3 Be4 56.c3 Bf5 57.Rf7 Rxh4
58.Rc7+ Kd6 59.Ra7 Rc4 60.Ra3 h4 61.Kf2 Rg4 62.Ra6+ Kc5  0-1

[Event "Perla Baltyku Open 2012"]
[Site "Lazy POL"]
[Date "2012.07.06"]
[Round "7.15"]
[White "Jarmula,L"]
[Black "Korbal,A"]
[Result "1/2-1/2"]
[WhiteElo "2050"]
[BlackElo "2127"]

1.e4 c5 2.Nf3 Nc6 3.d4 cxd4 4.Nxd4 Qb6 5.Nb3 Nf6 6.Nc3 e6 7.Qe2 Bb4 8.Bd2 O-O
9.a3 Be7 10.O-O-O d5 11.e5 Nd7 12.f4 f6 13.exf6 Nxf6 14.Be3 Qc7 15.g3 Bd7
16.Bh3 Rac8 17.Nd4 Nxd4 18.Bxd4 Kh8 19.Bxe6 Bxe6 20.Qxe6 Bc5 21.Be5 Qc6 22.Qxc6 bxc6
23.Bxf6 Rxf6 24.Rhe1 Kg8 25.Na4 Bf8 26.c4 Kf7 27.Kb1 Rb8 28.Ka2 Rd8 29.Nc3 Re6
30.Rxe6 Kxe6 31.cxd5+ cxd5 32.Nb5 Rd7 33.Nd4+ Kf6 34.b4 Bd6 35.Re1 Bc7 36.Nb3 Bb6
37.a4 Bf2 38.Re2 Bg1 39.Nd2 d4 40.Nc4 Kf5 41.h3 d3 42.Rg2  1/2-1/2

[Event "7th Vladimir Dvorkovich Cup"]
[Site "Moscow RUS"]
[Date "2012.07.06"]
[Round "7.16"]
[White "Leks,M"]
[Black "Cemhan,K"]
[Result "1-0"]
[WhiteElo "2097"]
[BlackElo "1941"]

1.e4 c5 2.Nf3 Nc6 3.d4 cxd4 4.Nxd4 Qc7 5.Nc3 e6 6.Be2 a6 7.O-O Nf6 8.Be3 Be7
9.a4 O-O 10.Kh1 d6 11.f4 Bd7 12.Nb3 Na5 13.Nxa5 Qxa5 14.Bf3 Bc6 15.g4 d5
16.e5 Nxg4 17.Bd4 Nh6 18.Bg4 Bc5 19.Rg1 Bxd4 20.Qxd4 Rac8 21.Rg2 g6 22.Rag1 Rfd8
23.h4 Be8 24.h5 Rc4 25.Qf2 Nf5 26.Bxf5 exf5 27.Qh4 Rdc8 28.e6 R4c6 29.hxg6 fxg6
30.Rh2 Rxe6 31.Qxh7+ Kf8 32.b4 Qd8 33.Qh8+ Ke7 34.Rh7+ Kd6 35.Qd4 Re7 36.Qxd5+ Kc7
37.Qe5+ Kb6 38.Rxe7 Rxc3 39.Qa5+  1-0

[Event "86th ch-ARG 2012"]
[Site "La Plata ARG"]
[Date "2012.07.07"]
[Round "4.13"]
[White "Benedetti,J"]
[Black "Pichot,A"]
[Result "1-0"]
[WhiteElo "2090"]
[BlackElo "2287"]

1.e4 c5 2.Nf3 Nc6 3.d4 cxd4 4.Nxd4 Qb6 5.Nb3 Nf6 6.Nc3 e6 7.Be3 Qc7 8.Qd2 Bb4
9.f3 d5 10.a3 Bxc3 11.Qxc3 dxe4 12.fxe4 O-O 13.Bd3 Ng4 14.Bc5 Rd8 15.O-O-O b6
16.Bg1 Bb7 17.h3 Nge5 18.Bh2 a6 19.Kb1 Rac8 20.g4 Qb8 21.g5 Rd7 22.Ka2 Rcd8
23.Nd2 f6 24.gxf6 gxf6 25.Rhg1+ Kh8 26.Rdf1 Rf8 27.Nc4 Rdf7 28.Nxe5 fxe5
29.Rxf7 Rxf7 30.Rg5 h6 31.Bxe5+ Nxe5 32.Rxe5 Kh7 33.Rxe6 Qg8 34.e5+ Kh8 35.Rxh6+ Rh7+
36.e6+  1-0

[Event "35th Barbera Open A"]
[Site "Barbera del Valles ESP"]
[Date "2012.07.08"]
[Round "5.4"]
[White "Munoz Pantoja,M"]
[Black "Quesada Perez,Yu"]
[Result "1/2-1/2"]
[WhiteElo "2496"]
[BlackElo "2626"]

1.e4 c5 2.Nf3 Nc6 3.d4 cxd4 4.Nxd4 Qc7 5.c4 e6 6.Nc3 a6 7.a3 Nf6 8.Be3 Nxd4
9.Bxd4 Bd6 10.g3 O-O 11.Bg2 h6 12.Rc1 Be5 13.O-O d6 14.f4 Bxd4+ 15.Qxd4 e5
16.Qf2 Be6 17.f5 Bd7 18.Nd5 Nxd5 19.exd5 a5 20.f6 Qc5 21.Be4 b6 22.b3 Bh3
23.Bg2 Bxg2 24.Kxg2 g6 25.a4 Rfe8 26.Rce1 Kh7 27.Re4 Rg8 28.Qd2 Rae8 29.h4 Rc8
30.Rf2 Qa3 31.Qc2 Qc5 32.Qd3 Kh8  1/2-1/2

[Event "ch-MNE 2012"]
[Site "Cetinje MNE"]
[Date "2012.07.08"]
[Round "2.2"]
[White "Draskovic,L"]
[Black "Djukic,Ni"]
[Result "0-1"]
[WhiteElo "2232"]
[BlackElo "2515"]

1.e4 c5 2.Nf3 Nc6 3.d4 cxd4 4.Nxd4 Qc7 5.Nc3 e6 6.Be3 a6 7.Qd2 Nf6 8.f3 Ne5
9.O-O-O Bb4 10.Nb3 b5 11.Qe1 Be7 12.f4 Ng6 13.e5 Ng4 14.Ne4 O-O 15.Bc5 Bb7
16.h3 Nh6 17.Bxe7 Nxe7 18.Bd3 Nd5 19.Rf1 Nf5 20.Rf3 f6 21.g4 Nfe7 22.Nd6 fxe5
23.Nxb7 Qxb7 24.Qxe5 Nc6 25.Qd6 Qc7 26.Bxh7+ Kxh7 27.Rxd5 Rac8 28.Rh5+ Kg8
29.Qxc7 Rxc7 30.c3 e5 31.f5 b4 32.Kd2 d5 33.Rd3 Rd8 34.Nc5 e4 35.Ne6 exd3
36.Nxc7 bxc3+ 37.bxc3 Ne5 38.Nxa6 d4 39.cxd4 Rxd4 40.Nc5 Nc4+ 41.Kc3 d2 42.Kxd4 Nd6
43.Kd5 d1=Q+ 44.Kc6 Ne8 45.Ne6 Qd6+ 46.Kb5 Qd5+ 47.Kb6 Nd6 48.Rg5 Qb7+ 49.Kc5 Ne4+  0-1

[Event "34th Oberwart Open A"]
[Site "Oberwart AUT"]
[Date "2012.07.08"]
[Round "2.1"]
[White "Pingitzer,H"]
[Black "Palac,M"]
[Result "0-1"]
[WhiteElo "2305"]
[BlackElo "2605"]

1.e4 c5 2.Nf3 Nc6 3.d4 cxd4 4.Nxd4 Qb6 5.Nb3 Nf6 6.Nc3 e6 7.Be3 Qc7 8.a3 a6
9.f4 d6 10.g4 b5 11.g5 Nd7 12.Bg2 Nb6 13.Bxb6 Qxb6 14.Qd2 Be7 15.h4 Rb8 16.O-O-O b4
17.axb4 Nxb4 18.Qd4 Qxd4 19.Nxd4 g6 20.h5 e5 21.hxg6 fxg6 22.Nf3 exf4 23.Rh4 O-O
24.Ne2 Rb5 25.Rd4 Rxg5 26.Rxf4 Rxg2 27.Rxf8+ Bxf8 28.Nf4 Rxc2+ 29.Kb1 Rf2
30.Rxb4 Rxf3 31.Nd5  0-1

[Event "7th Wroclaw Open A"]
[Site "Wroclaw POL"]
[Date "2012.07.10"]
[Round "9.8"]
[White "Musialkiewicz,J"]
[Black "Dobrowolski,P"]
[Result "0-1"]
[WhiteElo "2189"]
[BlackElo "2426"]

1.e4 c5 2.Nf3 Nc6 3.d4 cxd4 4.Nxd4 Qb6 5.Nb3 Nf6 6.Nc3 e6 7.Be3 Qc7 8.a3 a6
9.Bd3 b5 10.f4 d6 11.O-O Be7 12.Qe2 Bb7 13.Rae1 O-O 14.g4 Rfe8 15.g5 Nd7
16.Rf3 b4 17.axb4 Nxb4 18.Rh3 g6 19.Qf2 Nxd3 20.cxd3 a5 21.Rf1 f5 22.gxf6 Nxf6
23.Qg3 Bf8 24.f5 exf5 25.Bd4 Bg7 26.exf5 a4 27.fxg6 axb3 28.Qh4 Nh5 29.Rf7 Rf8
30.gxh7+ Kh8 31.Rxf8+ Rxf8 32.Qg4 Qc6 33.Bxg7+ Nxg7 34.Qe4 Qc5+ 35.Qe3 Qf5  0-1

[Event "Int Open ch-SVK 2012"]
[Site "Banska Stiavnica SVK"]
[Date "2012.07.12"]
[Round "6.21"]
[White "Wozniak,Mari"]
[Black "Bukojemski,A"]
[Result "1/2-1/2"]
[WhiteElo "1891"]
[BlackElo "2203"]

1.e4 c5 2.Nf3 Nc6 3.d4 cxd4 4.Nxd4 Qb6 5.Nb3 e6 6.Nc3 Qc7 7.Bd3 Nf6 8.O-O a6
9.a4 b6 10.f4 d6 11.Be3 Be7 12.Qe2 O-O 13.g4 Re8 14.g5 Nd7 15.Rf3 g6 16.Raf1 Nb4
17.Nd4 Bb7 18.Rh3 d5 19.e5 Bf8 20.Nd1 Rac8 21.Nf2 Nxd3 22.cxd3 b5 23.Ng4 bxa4
24.Qf2 h5 25.Nf6+ Nxf6 26.gxf6 Bh6 27.Qf3 Kh7 28.Kh1 Rg8 29.Rxh5 gxh5 30.Qxh5 Qc2
31.Nxc2 d4+ 32.Rf3 Bxf3+ 33.Qxf3 Rxc2 34.Qe4+ Kh8 35.Qxd4 Re2 36.Bf2 Rg4
37.Qd8+ Kh7 38.Bg3 Rg8 39.Qd7 Kg6 40.Qxa4 Rc8 41.Qd1 Rcc2 42.d4 Red2 43.Qb1 a5
44.b3 Kh7 45.Kg1 Kg8 46.Kf1 Bf8 47.b4 Bxb4 48.f5 exf5 49.d5 f4 50.Bxf4 Rf2+
51.Kg1 Rg2+ 52.Kh1 Rb2 53.Qc1 Rbc2 54.Qb1 Rb2  1/2-1/2

[Event "III Maravilhosa Open 2012"]
[Site "Laranjeiras BRA"]
[Date "2012.07.14"]
[Round "4.6"]
[White "De Paiva,P"]
[Black "Pereira,Geanfrancesco"]
[Result "1-0"]
[WhiteElo "2293"]
[BlackElo "2017"]

1.e4 c5 2.Nf3 Nc6 3.d4 cxd4 4.Nxd4 Qb6 5.Nb5 a6 6.Be3 Qd8 7.N5a3 Nf6 8.Nc4 d6
9.Bb6 Qd7 10.Nc3 e6 11.Qe2 Be7 12.O-O-O e5 13.h3 Qe6 14.Nd5 Bd8 15.Bxd8 Nxd5
16.Bg5 Qg6 17.h4 Nd4 18.Rxd4 Nc3 19.bxc3 exd4 20.Nb6 Rb8 21.cxd4 O-O 22.Nd5 Qe6
23.g3 Re8 24.f3 Qd7 25.Qc4 b5 26.Qc7 Rb7 27.Qxd7 Bxd7 28.Bf4 Be6 29.Ne3 Bxa2
30.Bxd6 Rd8 31.Bc5 Rc8 32.f4 Re8 33.e5 f6 34.Kb2 Bf7 35.Bg2 Rbb8 36.Ra1 fxe5
37.fxe5 Re6 38.g4 Rd8 39.g5 h6 40.Rf1 Ree8 41.Be4 hxg5 42.hxg5 Rc8 43.Bd6 g6
44.Ng4 Kg7 45.Nh6 Bc4 46.Rf6 Re6 47.Rf7+ Kh8 48.Bf8 Ree8 49.Bg7+ Kh7 50.Ra7  1-0

[Event "Int Open ch-SVK 2012"]
[Site "Banska Stiavnica SVK"]
[Date "2012.07.15"]
[Round "9.8"]
[White "Meszaros,Mi"]
[Black "Petenyi,T"]
[Result "1/2-1/2"]
[WhiteElo "2411"]
[BlackElo "2442"]

1.e4 c5 2.Nf3 Nc6 3.d4 cxd4 4.Nxd4 Qb6 5.Nb3 Nf6 6.Nc3 e6 7.Bd3 Be7 8.Be3 Qc7
9.f4 d6 10.g4 a6 11.g5 Nd7 12.Qf3 b5 13.O-O-O Bb7 14.Qh3 b4 15.Ne2 O-O-O
16.Kb1 Kb8 17.Rc1 Nc5 18.Rhd1 h6 19.g6 fxg6 20.Nxc5 dxc5 21.Qxe6 g5 22.c3 Rd6
23.Qf7 Rhd8 24.Bc2 Rxd1 25.Rxd1 Rxd1+ 26.Bxd1 Qd7 27.Qd5  1/2-1/2

[Event "27th Gniota Memorial"]
[Site "Police POL"]
[Date "2012.07.15"]
[Round "5.2"]
[White "Olszewski,Mi"]
[Black "Shishkin,Va UKR"]
[Result "1/2-1/2"]
[WhiteElo "2526"]
[BlackElo "2485"]

1.e4 c5 2.Nf3 Nc6 3.d4 cxd4 4.Nxd4 Qb6 5.Nb3 Nf6 6.Nc3 e6 7.Bd3 Be7 8.Be3 Qc7
9.f4 d6 10.Qf3 O-O 11.g4 Nb4 12.g5 Nd7 13.O-O-O Nxd3+ 14.Rxd3 b6 15.Nd4 Bb7
16.Ndb5 Qc6 17.Bd4 Nc5 18.Re3 Nxe4 19.Rxe4 a6 20.Qh5 axb5 21.Bxg7 Kxg7 22.f5 exf5
23.Qh6+ Kh8 24.g6 Bg5+ 25.Qxg5 fxg6 26.Ree1 Qxh1 27.Rxh1 Bxh1 28.Qg1 Bc6
29.Qxb6 Rac8 30.Qd4+ Kg8 31.Ne2 Rfe8 32.Nf4 Rcd8 33.a4 Re4 34.Qf6 Rde8 35.Qxd6 Re1+
36.Kd2 Bf3 37.Qf6 bxa4 38.h4 R1e7 39.Qd6 Rf7 40.c4 Rb7 41.Qf6 Rc7 42.Qd4 Rec8
43.Ne6 Re7 44.Qd6 Rce8  1/2-1/2

[Event "27th Gniota Memorial"]
[Site "Police POL"]
[Date "2012.07.15"]
[Round "5.10"]
[White "Smieszek,W"]
[Black "Korbal,A"]
[Result "1-0"]
[WhiteElo "1809"]
[BlackElo "2127"]

1.e4 c5 2.Nf3 Nc6 3.d4 cxd4 4.Nxd4 Qb6 5.Nb3 Nf6 6.Bd3 e6 7.O-O Be7 8.Nc3 O-O
9.Be3 Qc7 10.f4 d6 11.Qf3 a6 12.g4 Nb4 13.g5 Nd7 14.Qg3 f5 15.Qh4 Nc5 16.Rf3 Rf7
17.Rh3 g6 18.exf5 exf5 19.Nxc5 b6 20.Bc4  1-0

[Event "16th Battle of Senta Open A"]
[Site "Senta SRB"]
[Date "2012.07.15"]
[Round "3.8"]
[White "Parnicki,Z"]
[Black "Matsenko,S"]
[Result "0-1"]
[WhiteElo "2194"]
[BlackElo "2460"]

1.e4 c5 2.Nf3 Nc6 3.d4 cxd4 4.Nxd4 Qc7 5.Nc3 e6 6.g3 a6 7.Bg2 Nf6 8.O-O d6
9.Be3 Be7 10.h3 O-O 11.Qd2 Bd7 12.Nce2 Nxd4 13.Nxd4 d5 14.exd5 Nxd5 15.Bg5 Nf6
16.Rfe1 Rfe8 17.Bf4 Qb6 18.c3 Rad8 19.Qc2 Bc8 20.Rad1 Nd5 21.Bc1 Bf6 22.Nf3 Qa5
23.a3 Ne7 24.b4 Qc7 25.c4 Rxd1 26.Rxd1 h6 27.Bf4 e5 28.Bc1 Bf5 29.Qe2 Nc6
30.Bb2 Qc8 31.g4 Nd4 32.Nxd4 exd4 33.Qd2 Be4 34.Bxe4 Rxe4 35.c5 Qe6 36.Qd3 h5
37.g5 Be5 38.Kg2 Qf5 39.Bc1 Bf4 40.Bxf4 Qxf4 41.Qg3 Qf5 42.Rd3 h4 43.Rf3 Qd5
44.Qd6 Qxg5+ 45.Kf1 Re5 46.Qxd4 Qc1+  0-1

[Event "5th Paleochora Open"]
[Site "Paleochora GRE"]
[Date "2012.07.16"]
[Round "1.14"]
[White "Skaraki,A"]
[Black "Petrov,Marij"]
[Result "0-1"]
[WhiteElo "1793"]
[BlackElo "2522"]

1.e4 c5 2.Nf3 Nc6 3.d4 cxd4 4.Nxd4 Qb6 5.Nb3 Nf6 6.Nc3 e6 7.Bd3 a6 8.O-O d6
9.Kh1 Be7 10.f4 Qc7 11.Qf3 O-O 12.Bd2 b5 13.a3 Rb8 14.Qg3 b4 15.Ne2 bxa3
16.bxa3 Kh8 17.f5 Ne5 18.Nf4 Nxd3 19.Qxd3 Bb7 20.Rae1 e5 21.Nd5 Bxd5 22.exd5 Rfc8
23.Rc1 Qb7 24.Rfd1 Nxd5 25.Na5 Qa8 26.c4 Nf6 27.Bg5 Ng4 28.Be3 Rb2 29.Rd2 Rxd2
30.Qxd2 Qe4 31.Bg5 Bxg5 32.Qxg5 Qd4 33.h3 Nf2+ 34.Kh2 h6 35.Qg3 Ne4 36.Qg4 Qe3
37.f6 Rg8 38.Rc2 gxf6 39.Qh5 Rg6 40.Nc6 Qg3+ 41.Kg1 Qe1+ 42.Kh2 Ng3  0-1

[Event "ch-MNE 2012"]
[Site "Cetinje MNE"]
[Date "2012.07.17"]
[Round "10.6"]
[White "Kontic,D"]
[Black "Djukic,Ni"]
[Result "0-1"]
[WhiteElo "2326"]
[BlackElo "2515"]

1.e4 c5 2.Nf3 Nc6 3.d4 cxd4 4.Nxd4 Qc7 5.Nc3 e6 6.Be3 a6 7.Qd2 Nf6 8.O-O-O Bb4
9.f3 Ne5 10.Qf2 Bxc3 11.bxc3 d6 12.Nb3 b5 13.Bb6 Qb8 14.Qd4 Nc6 15.Qf2 O-O
16.h4 e5 17.h5 Be6 18.h6 g6 19.Qh4 Ne8 20.Qf2 Qb7 21.Na5 Nxa5 22.Bxa5 Bxa2
23.Qh4 f6 24.g3 Qc6 25.Bh3 Bf7 26.Rhf1 Qc4 27.Bd7 Qa2 28.Bxe8 Bxe8 29.Bb4 a5
30.Rxd6 axb4 31.Kd2 bxc3+ 32.Ke3 Qxc2 33.Qh3 Ra2 34.Qe6+ Bf7  0-1

[Event "Turkish Bank Chess League 2012"]
[Site "Konya TUR"]
[Date "2012.07.18"]
[Round "9"]
[White "Yigit,A"]
[Black "Cemhan,K"]
[Result "0-1"]
[WhiteElo "1736"]
[BlackElo "1962"]

1.e4 c5 2.Nf3 Nc6 3.d4 cxd4 4.Nxd4 Qc7 5.Nc3 e6 6.Be3 a6 7.Bd3 Nf6 8.O-O Ne5
9.h3 Bc5 10.Kh1 d6 11.Qe2 O-O 12.f4 Ng6 13.Qf3 Bd7 14.Nb3 Bxe3 15.Qxe3 b5
16.a3 Qa7 17.Qg3 Bc6 18.h4 h5 19.Rae1 Ng4 20.Nd1 Rac8 21.Nf2 Nxf2+ 22.Rxf2 Qe7
23.Qg5 Qxg5 24.hxg5 e5 25.f5 Nf4 26.g3 Nxd3 27.cxd3 d5 28.Nc5 a5 29.Kh2 dxe4
30.dxe4 Rfd8 31.Nb3 a4 32.Nd2 Rd4 33.Rfe2 f6 34.g6 Rcd8 35.Nf3 Rd3 36.Kg2 Rb3
37.Rc1 Be8 38.Ne1 b4 39.axb4 Rxb4 40.Kf3 Rb3+ 41.Kf2 Kf8 42.Rcc2 Rdb8 43.Ng2 Bb5
44.Re3 Rxe3 45.Kxe3 Bf1 46.Ne1 Rb3+ 47.Kf2 Ba6 48.Rd2 Bb7 49.Re2 Ke7 50.Kg2 Rb4
51.Kf3 Rb3+ 52.Kg2 Ba6 53.Rd2 Re3 54.Rc2 Rxe1 55.Rc7+ Kf8 56.Rf7+ Ke8 57.Rxg7 Bc4
58.Rc7 Bb3 59.Rb7 Rxe4 60.Rb8+ Kd7 61.Rxb3 axb3  0-1

[Event "27th Gniota Memorial"]
[Site "Police POL"]
[Date "2012.07.19"]
[Round "9.9"]
[White "Chlost,M"]
[Black "Korbal,A"]
[Result "1-0"]
[WhiteElo "2186"]
[BlackElo "2127"]

1.e4 c5 2.Nf3 Nc6 3.d4 cxd4 4.Nxd4 Qb6 5.Nb3 Nf6 6.Nc3 e6 7.Be3 Qc7 8.a3 a6
9.Be2 Be7 10.O-O b5 11.f4 d6 12.Nd4 Bb7 13.Bf3 O-O 14.Qe1 Na5 15.Rd1 Nc4
16.Bc1 Rac8 17.Rd3 Nd7 18.b3 Ncb6 19.Bb2 Bf6 20.Kh1 Nc5 21.Rd2 Bxd4 22.Rxd4 e5
23.Rd2 Ne6 24.fxe5 dxe5 25.Nd5 Nxd5 26.exd5 Nd4 27.Be4 Qd6 28.Bxd4 exd4 29.Rxd4 Rce8
30.Qd2 Re5 31.Qf4 f5 32.Bf3 Rfe8 33.Rdd1 Qxa3 34.Qd4 Qd6 35.c4 Qb4 36.c5 Qxd4
37.Rxd4 Rd8 38.Rfd1 Kf8 39.h3 Bc8 40.b4 Re3 41.d6 Rc3 42.c6 Be6 43.c7 Rd7
44.Bb7 Rf7 45.d7 Bxd7 46.Rxd7 Rxc7 47.Rxc7 Rxc7 48.Bxa6  1-0

[Event "6th Varna Open"]
[Site "Varna BUL"]
[Date "2012.07.19"]
[Round "8.6"]
[White "Talmaci,A"]
[Black "Horvath,Ta1"]
[Result "0-1"]
[WhiteElo "1998"]
[BlackElo "2398"]

1.e4 c5 2.Nf3 Nc6 3.d4 cxd4 4.Nxd4 Qb6 5.Nxc6 bxc6 6.Bd3 g6 7.O-O Bg7 8.c3 Nf6
9.Nd2 O-O 10.Nc4 Qc7 11.f3 d5 12.Nd2 a5 13.Re1 Rd8 14.Qe2 e6 15.Nb3 c5 16.exd5 exd5
17.Bb5 a4 18.Nd2 c4 19.Kh1 Ra5 20.Bxc4 dxc4 21.Qxc4 Re5 22.Qf1 Ba6 23.c4 Bxc4
24.Nxc4 Qxc4 25.b3 axb3 26.axb3 Rxe1 27.Qxe1 Qxb3 28.Bg5 Re8 29.Qc1 Qe6 30.Rb1 Qf5
31.Bh4 Nd5 32.h3 Nf4 33.Qf1 Qc2 34.Rc1 Qa2 35.Bg5 Ne2 36.Re1 Ng3+ 37.Kg1 Bd4+  0-1

[Event "23rd Czech Open A"]
[Site "Pardubice CZE"]
[Date "2012.07.20"]
[Round "1.68"]
[White "Kratochvil,K"]
[Black "Zaslavsky,M"]
[Result "0-1"]
[WhiteElo "2213"]
[BlackElo "2441"]

1.e4 c5 2.Nf3 Nc6 3.d4 cxd4 4.Nxd4 Qb6 5.Nb3 Nf6 6.Nc3 e6 7.Be3 Qc7 8.a3 Be7
9.g3 a6 10.Bg2 d6 11.O-O b5 12.f4 Bb7 13.g4 h5 14.h3 hxg4 15.hxg4 Rh4 16.Bf3 O-O-O
17.Bf2 Rh7 18.Qe2 g5 19.Nd5 exd5 20.exd5 gxf4 21.dxc6 Bxc6 22.Nd4 Bxf3 23.Qxf3 Rg8
24.Rfe1 d5 25.Nf5 Bc5 26.Bxc5 Qxc5+ 27.Kf1 Ne4 28.Rxe4 dxe4 29.Qxe4 Qc4+
30.Qxc4+ bxc4 31.Kg2 Rd8 32.Kf3 Rh2 33.Kxf4 Rxc2 34.Ke5 Rd7 35.Rh1 Re2+ 36.Kf6 Rxb2
37.Rc1 Rb6+  0-1

[Event "16th Battle of Senta Open A"]
[Site "Senta SRB"]
[Date "2012.07.20"]
[Round "8.8"]
[White "Strugnell,C"]
[Black "Kholopov,A"]
[Result "1/2-1/2"]
[WhiteElo "2234"]
[BlackElo "2289"]

1.e4 c5 2.Nf3 Nc6 3.d4 cxd4 4.Nxd4 Qb6 5.Nb3 Nf6 6.Nc3 e6 7.Qe2 Bb4 8.Bd2 O-O
9.a3 Be7 10.g4 d5 11.g5 Nxe4 12.Nxe4 dxe4 13.Qxe4 e5 14.Be3 Qc7 15.O-O-O g6
16.Bd3 Bf5 17.Qg2 Bxd3 18.Rxd3 Rfd8 19.Rhd1 Rxd3 20.Rxd3 Rd8 21.Rd5 Qc8 22.Rxd8+ Qxd8
23.h4 Qd7 24.Qe4 Qh3 25.Nd2 h6 26.b4 hxg5 27.hxg5 a5 28.c3 Bxg5 29.b5 Bxe3
30.fxe3 Nd8 31.Qxe5 Ne6 32.Qb8+ Kg7 33.Qe5+ Kg8 34.Ne4 b6 35.Kc2 Nc5 36.Qe8+ Kg7
37.Qe5+ Kh7 38.Qe7 Qf5  1/2-1/2

[Event "Caissa GM July 2012"]
[Site "Kecskemet HUN"]
[Date "2012.07.21"]
[Round "1.5"]
[White "Sax,G"]
[Black "Petenyi,T"]
[Result "1/2-1/2"]
[WhiteElo "2458"]
[BlackElo "2442"]

1.e4 c5 2.Nf3 Nc6 3.d4 cxd4 4.Nxd4 Qb6 5.Nb3 Nf6 6.Bd3 e6 7.O-O Be7 8.c4 d6
9.Nc3 O-O 10.Be3 Qd8 11.Nd4 Bd7 12.Rc1 Nxd4 13.Bxd4 Bc6 14.Bb1 Nd7 15.Be3 Nf6
16.Kh1 a6 17.f3 Rc8 18.Qd2 b5  1/2-1/2

[Event "21st Kavala Open A"]
[Site "Kavala GRE"]
[Date "2012.07.27"]
[Round "4"]
[White "Nitin,S"]
[Black "Djukic,Sa"]
[Result "1/2-1/2"]
[WhiteElo "2417"]
[BlackElo "2166"]

1.e4 c5 2.Nf3 Nc6 3.d4 cxd4 4.Nxd4 Qc7 5.Nb5 Qb8 6.c4 Nf6 7.N5c3 e6 8.Be2 b6
9.O-O Bb7 10.Be3 Bc5 11.Qd2 Qe5 12.Bxc5 bxc5 13.Qe3 Nd4 14.Bd3 g5 15.Nd2 Ng4
16.Qh3 h5 17.Nb3 Ke7 18.Rad1 Nxb3 19.axb3 d6 20.Bc2 Rad8 21.Rd2 a6 22.Rfd1 Nf6
23.Qg3 Qxg3 24.hxg3 Ng4 25.f3 Ne5 26.f4 Nc6 27.Ne2 e5 28.fxe5 Nxe5 29.Rf1 f6
30.Rdd1 Ng4 31.Rf3 Ne5 32.Re3 Ng4 33.Rc3 Ne5 34.Ra1 Nc6 35.Re3 Ne5 36.Ra4 Kd7
37.b4 Nxc4 38.Rf3 Nb6 39.Ra5 Nc4 40.Ra4 Nb6 41.Ra1 Ke7 42.Rb3 c4 43.Re3 Nd7
44.Nd4 Ne5 45.Nf5+ Kd7 46.b3 Nc6 47.bxc4 Nxb4 48.Rb3 Nxc2 49.Rxb7+ Kc6 50.Rab1 Rhe8
51.R1b6+ Kc5 52.Rb2 Nd4 53.Ne7 Nc6 54.Nd5 Rxe4 55.Nxf6  1/2-1/2

[Event "21st Kavala Open A"]
[Site "Kavala GRE"]
[Date "2012.07.28"]
[Round "5"]
[White "Papakonstantinou,Di1"]
[Black "Marjanovic,Slavo"]
[Result "0-1"]
[WhiteElo "2117"]
[BlackElo "2466"]

1.e4 c5 2.Nf3 Nc6 3.d4 cxd4 4.Nxd4 Qc7 5.Nc3 e6 6.Be3 a6 7.Qd2 Nf6 8.f3 Bb4
9.O-O-O Ne7 10.Nb3 d5 11.Bg5 dxe4 12.Bxf6 gxf6 13.fxe4 Ng6 14.Qd4 Be7 15.Na4 O-O
16.Be2 b5 17.Nac5 Rd8 18.Qe3 Rxd1+ 19.Rxd1 Qf4 20.Qxf4 Nxf4 21.Bf1 Ra7 22.a4 bxa4
23.Nxa4 Rc7 24.Rd4 e5 25.Rc4 Rxc4 26.Bxc4 Nxg2 27.Nb6 Bg4 28.Nd5 Bd8 29.Na5 f5
30.exf5 e4 31.Nc6 Bg5+ 32.Kb1 Kg7 33.Bxa6 Bxf5 34.Nd4 Bg4 35.b4 Ne3 36.c4 Nxd5
37.cxd5 Bf6 38.Nc2 Be5 39.Ne3 Bd7 40.Kc2 Bxh2 41.b5 Bf4 42.Kd2 Kf6 43.b6 Ke5
44.Ke2 Kd4 45.b7 h5 46.Bc4 h4 47.d6 Bxd6 48.Bxf7 h3 49.Be8 h2 50.Bxd7 h1=Q
51.Nf5+ Kc3 52.Nxd6 Qg2+ 53.Ke1 Qd2+  0-1

[Event "PAB Romania Open 2012"]
[Site "Arad ROU"]
[Date "2012.07.29"]
[Round "3.9"]
[White "Daianu,C"]
[Black "Vedmediuc,S"]
[Result "1/2-1/2"]
[WhiteElo "2240"]
[BlackElo "2468"]

1.e4 c5 2.Nf3 Nc6 3.d4 cxd4 4.Nxd4 Qb6 5.Nb3 Nf6 6.Nc3 e6 7.Be2 Bb4 8.O-O Bxc3
9.bxc3 Nxe4 10.Bf3 Nxc3 11.Qd3 Nb5 12.c4 Nbd4 13.Bxc6 Nxc6 14.Qg3 Rg8 15.Ba3 Qd8
16.Nc5 f5 17.Rad1 Qf6 18.Qc7 Kf7 19.Nxd7 Bxd7 20.Rxd7+ Kg6 21.Qg3+ Qg5 22.Qd6 Rgd8
23.Qxe6+ Qf6 24.Qxf6+ gxf6 25.Rxb7 Rd2 26.Bb2  1/2-1/2

[Event "Politiken Cup 2012"]
[Site "Helsingor DEN"]
[Date "2012.07.30"]
[Round "4.60"]
[White "Christensen,Ca"]
[Black "Petersen,Stee1"]
[Result "1-0"]
[WhiteElo "1985"]
[BlackElo "2129"]

1.e4 c5 2.Nf3 Nc6 3.d4 cxd4 4.Nxd4 Qb6 5.Nb3 Nf6 6.Nc3 e6 7.Be3 Qc7 8.a3 a6
9.f3 b5 10.Qd2 Bb7 11.Be2 Ne5 12.O-O Be7 13.Qd4 Nc4 14.Bxc4 bxc4 15.Nd2 d5
16.exd5 exd5 17.b4 O-O 18.Bf4 Qc6 19.Be5 Rfe8 20.Rfe1 Bd8 21.Kh1 Bb6 22.Qh4 Re6
23.Bd4 Bc7 24.Reb1 Qd6 25.Nf1 Nd7 26.Qf2 Rh6 27.g3 Nf8 28.Be3 Rf6 29.Ne2 d4
30.Nxd4 Ne6 31.Nd2 c3 32.N2b3 Nxd4 33.Nxd4 Bb6 34.Rd1 Rd8 35.Kg1 Qe5 36.Rd3 Rfd6
37.Rad1 Qf6 38.Ne2 Rxd3 39.Rxd3 Rxd3 40.cxd3 Qxf3 41.Qxf3 Bxf3 42.Kf2 Bxe3+
43.Kxe3 Bb7 44.Nxc3 f5 45.d4 Kf7 46.d5 Ke7 47.Kd4 Kd6 48.a4 g5 49.b5 a5 50.b6 f4
51.Ne4+  1-0

[Event "10th EU U14 2012"]
[Site "Mureck AUT"]
[Date "2012.08.02"]
[Round "2.8"]
[White "Whatley,Stephen A J"]
[Black "Lagunow,Raphael"]
[Result "1-0"]
[WhiteElo "1641"]
[BlackElo "1878"]

1.e4 c5 2.Nf3 Nc6 3.d4 cxd4 4.Nxd4 Qb6 5.Nb3 Nf6 6.Nc3 e6 7.Qe2 d6 8.Be3 Qc7
9.O-O-O Be7 10.f4 O-O 11.g4 a6 12.g5 Nd7 13.Qg2 b5 14.f5 Re8 15.Bf4 Nde5
16.Qf2 Bd7 17.Rg1 Rac8 18.Be3 Rb8 19.f6 Bf8 20.Rg3 g6 21.Rh3 Rec8 22.Qh4 h6
23.gxh6 Kh7 24.Rg3 b4 25.Ne2 Na5 26.Ned4 Nxb3+ 27.axb3 a5 28.Ba6 Rd8 29.Bf4 a4
30.Bxe5 dxe5 31.Nf3 Be8 32.Ng5+ Kh8 33.Rxd8 Rxd8 34.bxa4 Qa7 35.Nxe6 fxe6
36.f7 Qe7 37.Qxe7 Bxe7 38.Rxg6 Kh7 39.Bb5 Kxg6 40.fxe8=Q+ Kxh6 41.a5 Bc5
42.h4  1-0

[Event "Politiken Cup 2012"]
[Site "Helsingor DEN"]
[Date "2012.08.03"]
[Round "8.52"]
[White "Skovgaard,I"]
[Black "Petersen,Stee1"]
[Result "1-0"]
[WhiteElo "2006"]
[BlackElo "2129"]

1.e4 c5 2.Nf3 Nc6 3.d4 cxd4 4.Nxd4 Qb6 5.Nb3 Nf6 6.Nc3 e6 7.Qe2 Bb4 8.Bd2 O-O
9.a3 Be7 10.e5 Nd5 11.O-O-O Qc7 12.Nxd5 exd5 13.Kb1 d6 14.exd6 Bxd6 15.Qh5 Ne5
16.f3 Be6 17.Ba5 Qe7 18.Bc3 f6 19.Nd4 Bf7 20.Qh3 Bc5 21.Nf5 Qc7 22.f4 Nc6
23.Bd3 Bg6 24.Rhe1 Rfe8 25.Qh4 d4 26.Bc4+ Kh8 27.Rxe8+ Rxe8 28.Nxd4 Bxd4
29.Bxd4 Bxc2+ 30.Kxc2 Nxd4+ 31.Rxd4 b5 32.Qh5 Rb8 33.Qf7 Qb6 34.Rd7 Qf2+
35.Kb1 Qxg2 36.Bb3 b4 37.Re7 Qg6+ 38.Qxg6 hxg6 39.Re3  1-0

[Event "FSIMB August 2012"]
[Site "Budapest HUN"]
[Date "2012.08.05"]
[Round "2.1"]
[White "Szalanczy,E"]
[Black "Farago,S"]
[Result "1-0"]
[WhiteElo "2245"]
[BlackElo "2254"]

1.e4 c5 2.Nf3 Nc6 3.d4 cxd4 4.Nxd4 Qb6 5.Nb3 Nf6 6.Nc3 e6 7.Bd3 Bb4 8.Bd2 O-O
9.Qe2 d5 10.e5 Nd7 11.f4 f6 12.exf6 Nxf6 13.O-O-O e5 14.fxe5 Bg4 15.Nxd5 Bxe2
16.Nxb6 Bxd1 17.Nxa8 Bxd2+ 18.Kxd2 Nxe5 19.Rxd1 Rxa8 20.Re1 Re8 21.h3 Kf8
22.Nd4 a6 23.a4 g6 24.b3 Re7 25.a5 Kg7 26.c4 Kf8 27.Kc3 Nh5 28.Bc2 Ke8 29.Be4 Nd7
30.Nc2 Nc5 31.Bf3 Nf6 32.Rxe7+ Kxe7 33.b4 Nce4+ 34.Kd4 Nd6 35.c5 Nb5+ 36.Kc4 Nd7
37.Bxb7 Nc7 38.Ne3 Kd8 39.Kd3 Ne5+ 40.Ke4 Nf7 41.h4 Kd7 42.Nd5 Nd8 43.Nxc7 Nxb7
44.Nxa6 Kc6 45.Ke5 Kb5 46.Nb8 Kxb4 47.a6  1-0